000 00820nam a2200229 a 4500
001 BRCA_8391
005 20190320210248.0
008 241114s2014----mx-a######---#000-0#spa-#
020 _a9786076052815
041 _aspa
044 _amx
050 4 _aN6754
_b.R45 2014
245 1 0 _aEl reino de las formas
_bgrandes maestros. Museo Franz Mayer, Museo Nacional de San Carlos y Museo Soumaya.
260 _aMéxico
_bInstituto Nacional de Bellas Artes y Literatura
_c2014
300 _a157 p.
_bil. a color
_c34 cm.
500 _a2do. ejemplar se encuentra en la Oficina de Jefatura
650 1 4 _aArte europeo
_97849
710 2 _aMuseo Franz Mayer (Ciudad de México)
_92266
710 2 _aMuseo Nacional de San Carlos (Ciudad de México)
_917055
710 2 _aMuseo Soumaya (Ciudad de México)
_93354
942 _2lcc
_cB
999 _c8059
_d8059